Možnosti využitia obnoviteľných zdrojov energie na regionálny rozvoj

Významnými prostriedkami na zlepšenie regionálneho rozvoja sú obnoviteľné zdroje energie (OZE), ktoré predstavujú dôležitý nástroj na zlepšenie stavu v regióne. V súčasnosti má na Slovensku z OZE najväčší využiteľný potenciál biomasa.

Saved in:
Bibliographic Details
Main Author: Stričík, Michal, 1969-
Format: Book Chapter
Language:Slovak
Subjects:
Tags: Add Tag
No Tags, Be the first to tag this record!

MARC

LEADER 00000nla a2200000 4500
001 0231371
005 20240502073803.3
041 0 |a slo 
044 |a SK 
245 1 0 |a Možnosti využitia obnoviteľných zdrojov energie na regionálny rozvoj  |c Michal Stričík 
520 |a Významnými prostriedkami na zlepšenie regionálneho rozvoja sú obnoviteľné zdroje energie (OZE), ktoré predstavujú dôležitý nástroj na zlepšenie stavu v regióne. V súčasnosti má na Slovensku z OZE najväčší využiteľný potenciál biomasa. 
610 2 0 |a energetika 
610 2 0 |a zdroje energie obnoviteľné 
610 2 0 |a regulácia cenová 
610 2 0 |a výroba energie 
610 2 0 |a biomasa 
610 2 0 |a rozvoj regionálny 
610 2 0 |a Slovensko 
100 1 |a Stričík, Michal, 1969-